Planning for change in turbulent times : the case of multiracial primary schools
Saved in:
| Main Author: | |
|---|---|
| Other Authors: | |
| Format: | Book |
| Language: | English |
| Published: |
London :
Cassell,
1994
|
| Series: | School development series
|
| Subjects: | |
| Tags: |
Add Tag
No Tags, Be the first to tag this record!
|
MARC
| LEADER | 00000nam a2200000 i 4500 | ||
|---|---|---|---|
| 001 | 1/78828 | ||
| 008 | 990503s1994 eng d | ||
| 020 | |a 0-304-32674-7 | ||
| 035 | |l 10050242 | ||
| 040 | |a GR-MY-UA |b gre |e aacr | ||
| 041 | 0 | |a eng | |
| 082 | 0 | |a 370.19342 | |
| 100 | 1 | |a Wallace, Mike. | |
| 245 | 1 | 0 | |a Planning for change in turbulent times : |b the case of multiracial primary schools / |c Mike Wallace, Agnes McMahon |
| 260 | |a London : |b Cassell, |c 1994 | ||
| 300 | |a 200 p. | ||
| 490 | 1 | |a School development series | |
| 650 | 0 | 0 | |a Minorities |x Education |z Great Britain. |
| 650 | 0 | 0 | |a Educational change |z Great Britain. |
| 650 | 0 | 0 | |a Elementary school administration |z Great Britain. |
| 650 | 0 | 0 | |a School management and organization |z Great Britain. |
| 650 | 0 | 0 | |a Ethnic groups education |z Great Britain. |
| 700 | 1 | |a McMahon, Agnes. | |
| 830 | 0 | |a School development series | |
| 852 | |a INST |b RHODES |e 19990503 |h 370.19342 WAL |p 005400015407 |q 005400015407 |t BK |y 0 | ||
| 901 | |a BIBL-1999-1 | ||
| 909 | |a Ρ |b 064848 |c 1999 | ||
| 922 | |a 4ΕΛΗ |b 199903 |d LEADER | ||